| 000 | 00889nam a2200241 i 4500 | ||
|---|---|---|---|
| 001 | 74270 | ||
| 003 | ES-MaACL | ||
| 005 | 20240312062535.0 | ||
| 007 | t| | ||
| 008 | 040916s1920 sp |||| |dspa d | ||
| 080 | _a396(460)"19" | ||
| 080 | _a316.2 Arenal, Concepción | ||
| 100 | 1 |
_aGonzález Fiori, Adela _958635 |
|
| 245 | 1 | 1 |
_a[Concepción Arenal y el feminismo contemporáneo] _b: conferencia dada en el Ateneo... de Madrid el día 28 de febrero de 1920 / _cpor Adela González Fiori. |
| 260 |
_aMadrid : _b[s.n.], _c1920 ( _fEst. Tip. de la Mañana) |
||
| 300 |
_a15 p. ; _c21 cm. |
||
| 594 | _aTít. tomado del principio del texto. | ||
| 600 | 1 | 4 |
_aArenal, Concepción, _d1820-1893 _922591 |
| 610 | 2 | 4 |
_aAteneo de Madrid- _vConferencias- _y1900-1939 _91907 |
| 650 | 4 |
_aFeminismo- _zEspaña- _yS.XX. _9166951 |
|
| 852 |
_aES-MaACL _j1595-F-5 |
||
| 999 |
_c74270 _d74270 |
||